Départements de France (carte, sélection, aléatoire) - Statistiques

Statistiques générales
  • Ce quiz a été pris 23 fois
  • Le résultat moyen est 69 sur 101
Réponses sur la Carte
Les réponses sont colorées sur une échelle allant du rouge au vert en fonction du pourcentage des utilisateurs qui les ont devinées à leur premier essai. Vous pouvez retrouver ces pourcentages ci-dessous.
 
Statistiques - réponses
Départements % Correct
Ain
80%
Alpes-Maritimes
80%
Corrèze
80%
Corse-du-Sud
80%
Gironde
80%
Guyane
80%
Haute-Corse
80%
Haut-Rhin
80%
Martinique
80%
Morbihan
80%
Paris
80%
Pas-de-Calais
80%
Territoire de Belfort
80%
Vendée
80%
Yvelines
80%
Aisne
73%
Aude
73%
Charente
73%
Creuse
73%
Dordogne
73%
Gard
73%
Guadeloupe
73%
Haute-Savoie
73%
Hérault
73%
Landes
73%
Loire-Atlantique
73%
Lot-et-Garonne
73%
Mayotte
73%
Meurthe-et-Moselle
73%
Meuse
73%
Moselle
73%
Nord
73%
Pyrénées-Atlantiques
73%
Pyrénées-Orientales
73%
Rhône
73%
Somme
73%
Alpes-de-Haute-Provence
67%
Ardèche
67%
Ardennes
67%
Ariège
67%
Aube
67%
Aveyron
67%
Bas-Rhin
67%
Bouches-du-Rhône
67%
Calvados
67%
Cantal
67%
Côte-d'Or
67%
Côtes-d'Armor
67%
Doubs
67%
Drôme
67%
Essonne
67%
Eure
67%
Eure-et-Loir
67%
Finistère
67%
Gers
67%
Haute-Garonne
67%
Haute-Loire
67%
Hautes-Alpes
67%
Hautes-Pyrénées
67%
Haute-Vienne
67%
Hauts-de-Seine
67%
Indre
67%
Indre-et-Loire
67%
Loire
67%
Loiret
67%
Lot
67%
Lozère
67%
Maine-et-Loire
67%
Marne
67%
Mayenne
67%
Nièvre
67%
Oise
67%
Orne
67%
Saône-et-Loire
67%
Tarn
67%
Tarn-et-Garonne
67%
Val-de-Marne
67%
Val-d'Oise
67%
Vaucluse
67%
Vosges
67%
Yonne
67%
Allier
60%
Charente-Maritime
60%
Cher
60%
Deux-Sèvres
60%
Haute-Saône
60%
Ille-et-Vilaine
60%
Isère
60%
Jura
60%
La Réunion
60%
Loir-et-Cher
60%
Manche
60%
Puy-de-Dôme
60%
Sarthe
60%
Savoie
60%
Seine-et-Marne
60%
Seine-Maritime
60%
Seine-Saint-Denis
60%
Var
60%
Vienne
60%
Haute-Marne
53%
Aucun quiz correspondant
Distribution des résultats
% des personnes avec chaque résultat
Percentile par nombre de réponses
Votre historique - résultats
Vous n’avez pas pris ce quiz